000 00888cam a22002775a 4500
005 20150824152111.0
008 101007s2012 at|a|||fr||| 00110 eengdd
020 _a1408048574
020 _a9781408048573
040 _aEG-ScBUE
_beng
_cEG-ScBUE
082 0 4 _a330
_bMAN
_222
100 1 _aMankiw, N. Gregory.
_910263
245 1 0 _aPrinciples of Economics /
_cN. Gregory Mankiw, Mohamed Rashwan; contributer Andrew Ashwin
250 _aMiddle East ed.
260 _aHampshire :
_bCengage Learning ,
_c2012.
300 _axxviii, 842 p. :
_bill. (some col.) ;
_c26 cm.
500 _aIndex : p. 827-842.
500 _aGlossary : p. 819-826.
590 _adoaa mohamed
650 _916959
_aEconomics.
_2BUEsh
651 _2BUEsh
653 _bBUSECO
_cAugust2015
700 _aRashwan, Mohamed H.
_931028
700 _aAshwin, Andrew
_931029
942 _2ddc
_cNB
_k330 MAN
999 _c17046
_d17018